NFL Championships - Statistics

General Stats
  • This quiz has been taken 1,301 times
    818 since last reset
  • The average score is 50 of 57
Answer Stats
Hint Answer % Correct
2023 Chiefs
98%
2020 Chiefs
98%
1969 Chiefs
98%
2017 Patriots
96%
2015 Patriots
96%
2005 Patriots
96%
2004 Patriots
96%
2002 Patriots
96%
2022 Rams
95%
2000 Rams
95%
2018 Eagles
93%
2011 Packers
93%
1997 Packers
93%
1967 Packers
93%
1966 Packers
93%
2021 Buccaneers
91%
2016 Broncos
90%
1999 Broncos
90%
1998 Broncos
90%
2009 Steelers
89%
2006 Steelers
89%
1979 Steelers
89%
1978 Steelers
89%
1975 Steelers
89%
1974 Steelers
89%
1995 49ers
88%
1990 49ers
88%
1989 49ers
88%
1984 49ers
88%
1981 49ers
88%
2013 Ravens
88%
2001 Ravens
88%
1996 Cowboys
87%
1994 Cowboys
87%
1993 Cowboys
87%
1977 Cowboys
87%
1971 Cowboys
87%
2012 Giants
87%
2008 Giants
87%
1991 Giants
87%
1986 Giants
87%
2014 Seahawks
87%
1968 Jets
84%
2019 Patriots
83%
2010 Saints
83%
1985 Bears
80%
2007 Colts
80%
1970 Colts
80%
1973 Dolphins
80%
1972 Dolphins
80%
1983 Raiders
80%
1980 Raiders
80%
1976 Raiders
80%
2003 Buccaneers
75%
1992 Redskins
73%
1987 Redskins
73%
1982 Redskins
73%
No matching quizzes found
Score Distribution
Percent of People with Each Score
Percentile by Number Answered
Your Score History
You have not taken this quiz since the last reset